| 000 | 01457cam a22002773a 4500 | ||
|---|---|---|---|
| 001 | 24835 | ||
| 003 | PGUSA | ||
| 005 | 20140828083532.0 | ||
| 008 | 080315s2008||||xxu|||||s|||||000 1 eng d | ||
| 040 |
_aPGUSA _beng |
||
| 042 | _adc | ||
| 050 | 4 | _aPR | |
| 100 | 1 |
_aBecke, Louis, _d1855-1913 |
|
| 245 | 1 | 0 |
_aRídan The Devil And other stories : _b1899 _h[electronic resource] / _cLouis Becke |
| 260 |
_bProject Gutenberg, _c2008 |
||
| 505 | 0 | _aRídan the devil -- A memory of "the system" -- A North Pacific lagoon island -- Bilger, of Sydney -- The vision of Milli the slave -- Denison gets a berth ashore -- Addie Ransom -- In a native village -- Maurice Kinane -- The "killers" of Twofold Bay -- Denison's second berth ashore -- A fish drive on a Micronesian atoll -- Bobaran -- Sea fishing in Australia -- An adventure in the New Hebrides -- The south sea bubble of Charles du Breil -- The white wife and the brown "woman" -- With hook and line on an Austral river -- The wreck of the "Leonora" -- An old colonial mutiny -- A boating adventure in the Carolines -- A Christmas Eve in the Far South Seas. | |
| 506 | _aPublic domain in the USA. | ||
| 516 | _aElectronic text | ||
| 653 | _aSea stories | ||
| 653 | _aPacific Area -- Social life and customs -- Fiction | ||
| 653 | _aAdventure stories, Australian | ||
| 653 | _aShort stories | ||
| 830 | 0 |
_aProject Gutenberg _v24835 |
|
| 856 | 4 | 0 | _uhttp://www.gutenberg.org/ebooks/24835 |
| 942 | _cEB | ||
| 999 |
_c254090 _d254090 |
||